Представление документа в формате MARC21

Поле Инд. ПП Название Значение
Тип записи a
Библиографический уровень b
001 Контрольный номер df6fa617a5534d02a98454801856e9fd
005 Дата корректировки 20200630193222.5
008 Кодируемые данные 20170331
040 b Код языка каталог. rus
e Правила каталог. PSBO
041 0_ a Код языка текста rus
084 a Индекс другой классификации/Индекс ББК 67.401.113.5(2Рос); 67.401.115(2Рос); 67.401.061.1(2Рос)
100 1_ a Автор Хорошилова Н. Ю.
100 1_ a Автор Кузнецов К. В.
245 10 a Заглавие Некоторые проблемные вопросы осуществления контрольно-надзорной деятельности в сфере обеспечения безопасности полетов и использования воздушного пространства при осуществлении строительства на приаэродромных территориях
650 14 a Основная рубрика право; административное право
653 0_ a Ключевые слова аэродромы
a Ключевые слова безопасность полета
a Ключевые слова воздушное пространство
a Ключевые слова Воздушный кодекс РФ
a Ключевые слова воздушный транспорт
a Ключевые слова государственный контроль
a Ключевые слова градостроительная деятельность
a Ключевые слова Градостроительный кодекс РФ
a Ключевые слова защита прав предпринимателей
a Ключевые слова контрольно-надзорная деятельность
a Ключевые слова нормативно-правовое регулирование
a Ключевые слова обеспечение безопасности
a Ключевые слова органы государственного контроля
a Ключевые слова органы государственной власти
a Ключевые слова приаэродромные территории
a Ключевые слова прокурорский надзор
a Ключевые слова Россия
a Ключевые слова строительство
a Ключевые слова управление строительством
a Ключевые слова управление транспортом
773 08 t Заглавие источника Российская юстиция
d Дата издания источника 2020
g Прочая информация № 2. - С. 64 - 65
w Контрольный № источника bd79b8de93a941129b7f256c84795769
901 t Тип документа b